000
00330nam a2200145Ia 4500
008
150201s2011 xx 000 0 und d
082
_a
603
_b
J11P
100
_a
PANDA , U.N.
245
_a
JAYPEE'S NURSES DICTONARY
250
_a
3RD
260
_b
JAYPEE
_a
DELHI
_c
2011
300
_a
766
650
_a
DICTIONARY
942
_2
ddc
_c
BK
999
_c
2122
_d
2122